El comportamiento administrativo (Record no. 144635)

MARC details
000 -LEADER
campo de control de longitud fija 00651nam a2200181 4500
001 - NÚMERO DE CONTROL
campo de control 144635
003 - IDENTIFICADOR DE NÚMERO DE CONTROL
campo de control ES-MaACL
005 - FECHA Y HORA DE LA ÚLTIMA TRANSACCIÓN
campo de control 20230906201049.0
007 - CAMPO FIJO DE DESCRIPCIÓN FÍSICA--INFORMACIÓN GENERAL
campo de control de longitud fija t|
008 - DATOS DE LONGITUD FIJA--INFORMACIÓN GENERAL
campo de control de longitud fija 070214s1962 sp r ||||1| spa d
100 1# - ENTRADA PRINCIPAL--NOMBRE DE PERSONA
Nombre de persona Simon, Herbert Alexander.
9 (RLIN) 106512
245 13 - MENCIÓN DEL TÍTULO
Título El comportamiento administrativo
Resto del título : estudio de los procesos decisorios en la organización administrativa /
Mención de responsabilidad, etc. Herbert A. Simon ; traducción del inglés por Amando Lázaro Ros.
260 ## - PUBLICACIÓN, DISTRIBUCIÓN, ETC.
Lugar de publicación, distribución, etc. Madrid :
Nombre del editor, distribuidor, etc. Aguilar,
Fecha de publicación, distribución, etc. 1962.
300 ## - DESCRIPCIÓN FÍSICA
Extensión XL, 248 p. ;
Dimensiones 22 cm.
700 1# - ENTRADA AGREGADA--NOMBRE PERSONAL
Nombre de persona Lázaro Ros, Amando.
9 (RLIN) 70807
852 ## - LOCALIZACIÓN
Ubicación ES-MaACL
Número de control de estantería F-6214
Sublocalización o colección R.51212
852 ## - LOCALIZACIÓN
Ubicación ES-MaACL
Número de control de estantería C-24832
Sublocalización o colección R.53534
Holdings
Estatus retirado Estado de pérdida Estado de daño No para préstamo Biblioteca de origen Biblioteca actual Ubicación en estantería Fecha de adquisición Fuente de adquisición Total de préstamos Signatura topográfica completa Código de barras Visto por última vez Precio de reemplazo Tipo de ítem Koha
        Biblioteca del Ateneo de Madrid Biblioteca del Ateneo de Madrid Depósito 2 17/01/2008     C-24832 1150726 23/02/2023 23/02/2023 Libro impreso
        Biblioteca del Ateneo de Madrid Biblioteca del Ateneo de Madrid Depósito 2 17/01/2008     F-6214 1150725 23/02/2023 23/02/2023 Libro impreso